Quelle est la race de ces personnages de Dragon Quest? - Statistiques

Statistiques générales
  • Ce quiz a été pris 15 fois
  • Le résultat moyen est 4 sur 18
Statistiques - réponses
Personnage Jeu d'apparition Race % Correct
Héros Dragon Quest Humain
64%
Sylvane Dragon Quest IX: Les Sentinelles du Firmament Démon
57%
Estelle Draon Quest X Dragon
50%
Pélagie Dragon Quest XI: Les Combattants de la Destinée Sirène
50%
Raya Dragon Quest VIII: L'Odyssée du roi maudit Elfe
43%
Mitra Dragon Quest X Ange
36%
Nordy Dragon Quest III: The Seeds of Salvation Nain
36%
Muguette Dragon Quest IX: Les Sentinelles du Firmament Fée
29%
Paona Dragon Quest XI: Les Combattants de la Destinée Célestellien
21%
Luchenda Dragon Quest X Ogre
21%
Nolan Dragon Quest V: La Fiancée céleste Zenithian
21%
Xia Dragon Quest VIII: L'Odyssée du roi maudit Dragovien
7%
Puclas Dragon Quest X Puppet
7%
Serafina Dragon Quest VII: La Quête des vestiges du monde Cirrus
0%
Jia Lumina Dragon Quest X Jia Kut
0%
Antropov Dragon Quest X Pukuripo
0%
Eegoltap Dragon Quest XI: Les Combattants de la Destinée Veilleur
0%
Sayofan Dragon Quest X Wedy
0%
Aucun quiz correspondant
Distribution des résultats
% des personnes avec chaque résultat
Percentile par nombre de réponses
Votre historique - résultats
Vous n’avez pas pris ce quiz